| 000 | 00344nam a2200133Ia 4500 | ||
|---|---|---|---|
| 008 | 240624s9999 xx 000 0 und d | ||
| 041 | _aeng | ||
| 082 | _a150 BHA | ||
| 100 | _aBHATTACHARYYA DIPAK | ||
| 245 | _aINDUSTRIAL PSYCHOLOGY | ||
| 260 |
_c2012 _aHyderabad _bUniversities Press |
||
| 300 | _avii, : 320 : p. : cm. ; 24 | ||
| 365 |
_cRS _b25 |
||
| 999 |
_c21053 _d21053 |
||